<?xml version="1.0" encoding="UTF-8"?>
<marc:record xmlns:marc="http://www.loc.gov/MARC21/slim">
   <marc:leader>00000nam a2200000 a 4500</marc:leader>
   <marc:datafield ind1="1" ind2=" " tag="100">
      <marc:subfield code="a">Haushaltsreiniger, Pflegeprodukte &amp; Co.</marc:subfield>
      <marc:subfield code="4">aut</marc:subfield>
      <marc:subfield code="e">Verfasser/-in</marc:subfield>
   </marc:datafield>
   <marc:datafield ind1=" " ind2=" " tag="653">
      <marc:subfield code="a">Ratgeber</marc:subfield>
   </marc:datafield>
   <marc:datafield ind1=" " ind2=" " tag="653">
      <marc:subfield code="a">Nachhaltigkeit</marc:subfield>
   </marc:datafield>
   <marc:datafield ind1=" " ind2=" " tag="653">
      <marc:subfield code="a">Softcover / Ratgeber/Lebenshilfe</marc:subfield>
   </marc:datafield>
   <marc:datafield ind1=" " ind2=" " tag="653">
      <marc:subfield code="a">ökologische Putzmittel</marc:subfield>
   </marc:datafield>
   <marc:datafield ind1=" " ind2=" " tag="653">
      <marc:subfield code="a">Reinigungsmittel</marc:subfield>
   </marc:datafield>
   <marc:datafield ind1=" " ind2=" " tag="653">
      <marc:subfield code="a">WC Reiniger</marc:subfield>
   </marc:datafield>
   <marc:datafield ind1=" " ind2=" " tag="653">
      <marc:subfield code="a">Putztipps</marc:subfield>
   </marc:datafield>
   <marc:datafield ind1=" " ind2=" " tag="653">
      <marc:subfield code="a">ökologische Putzmittel selber machen</marc:subfield>
   </marc:datafield>
   <marc:datafield ind1=" " ind2=" " tag="653">
      <marc:subfield code="a">Reinigungsmittel selber machen</marc:subfield>
   </marc:datafield>
   <marc:datafield ind1=" " ind2=" " tag="653">
      <marc:subfield code="a">Haushaltsreiniger selber machen</marc:subfield>
   </marc:datafield>
   <marc:datafield ind1=" " ind2=" " tag="653">
      <marc:subfield code="a">Alltag/Praktische Anleitungen</marc:subfield>
   </marc:datafield>
   <marc:datafield ind1=" " ind2=" " tag="653">
      <marc:subfield code="a">natürlicher Haushaltsreiniger</marc:subfield>
   </marc:datafield>
   <marc:datafield ind1=" " ind2=" " tag="653">
      <marc:subfield code="a">Naturkosmetik</marc:subfield>
   </marc:datafield>
   <marc:datafield ind1=" " ind2=" " tag="653">
      <marc:subfield code="a">natürliche Pflegeprodukte</marc:subfield>
   </marc:datafield>
   <marc:datafield ind1=" " ind2=" " tag="653">
      <marc:subfield code="a">Hausmittel im Haushalt</marc:subfield>
   </marc:datafield>
   <marc:datafield ind1="0" ind2="0" tag="245">
      <marc:subfield code="a">Haushaltsreiniger, Pflegeprodukte &amp; Co</marc:subfield>
   </marc:datafield>
   <marc:datafield ind1="0" ind2="0" tag="245">
      <marc:subfield code="b">natürlich, ökologisch, selbst gemacht ...</marc:subfield>
   </marc:datafield>
   <marc:datafield ind1=" " ind2="1" tag="264">
      <marc:subfield code="b">Stocker</marc:subfield>
      <marc:subfield code="c">2015</marc:subfield>
   </marc:datafield>
   <marc:datafield ind1="1" ind2=" " tag="520">
      <marc:subfield code="a">Angaben aus der Verlagsmeldung  Haushaltsreiniger, Pflegeprodukte &amp; Co. : Natürlich, ökologisch, selbst gemacht ... / von Laëtitia Royant  Natürlich reinigen!  Natur statt Chemie  nur mit selbst erzeugten Haushaltsreinigern hat man Gewissheit, dass wirklich alle schädlichen Stoffe draußen vor der Tür bleiben.  Rein statt sauber, nur ein Wortspiel? Nicht ganz, wenn man einen Blick auf die Etiketten diverser Reinigungsmittel und Pflegeprodukte wirft. Oft hat die Sauberkeit aufgrund der Inhaltsstoffe nämlich einen hohen ökologischen Preis. Immer mehr Menschen setzen deshalb auf Natur und erzeugen diese Produkte, um Sicherheit zu haben, in Eigenregie. Anschaulich erklärt Laëtitia Royant im Buch Haushaltsreiniger, Pflegeprodukte &amp; Co., worauf es zu achten gilt. Je nach Raum stellt sie geeignete Reiniger für Fenster, Spüle und Küche, Bad und WC vor, die auf Basis von Schmierseife, Essig, Bienenwachs und Kräutersud zu ausgezeichneter und vor allem natürlicher Reinlichkeit im Haushalt beitragen. Sogar die vielfach als überflüssig empfundenen Lufterfrischer und Raumdüfte kann man sich mit gutem Umweltgewissen wieder leisten, wenn sie aus natürlichen Ausgangsprodukten daheim produziert wurden. Die Do-it-yourself-Mittel dieses Buchs sind unkompliziert in der Herstellung; wer sie einmal probiert hat, verzichtet ein für alle Mal gerne auf die chemischen Keulen. Nicht nur im Haushalt, sondern auch bei der Körperpflege, für die das Buch ebenfalls einfache, dafür aber unbedenkliche und gesunde Anleitungen von der Seife über Shampoo und Zahnpasta bis zu Deos bereithält, kommt die Natur zum Einsatz.  Die Autorin: Laëtitia Royant beschäftigt sich seit vielen Jahren mit ökologisch verträglicher Reinigung und Pflege und tüftelt an einschlägigen gesunden Rezepten.</marc:subfield>
   </marc:datafield>
   <marc:datafield ind1=" " ind2=" " tag="020">
      <marc:subfield code="a">9783702015077</marc:subfield>
      <marc:subfield code="9">9783702015077</marc:subfield>
   </marc:datafield>
</marc:record>
